| 000 | 00678nam a2200205Ia 4500 | ||
|---|---|---|---|
| 001 | 10819 | ||
| 003 | GE_BSU | ||
| 008 | 181216s||||||||xx |||||||||||||| ||und|| | ||
| 040 | _cGE_BSU | ||
| 245 | _aСельскохозяйственная энциклопедия | ||
| 245 | _bТ,5.Природа-Судза | ||
| 245 | _cГЛВ.Ред.В.В.Мацкевич и П.П.Лобанов | ||
| 250 | _a4-е изд,перер.и доп. | ||
| 260 | _aМосква | ||
| 260 | _bСоветская Энциклопедия | ||
| 260 | _c1974 | ||
| 300 | _a1120стр. илл,26см. | ||
| 653 | _aСельскохозяйственная энциклопедия | ||
| 942 | _cBK | ||
| 999 |
_c44062 _d44062 |
||